LEADER 01131nam--2200337---450- 001 990003247810203316 005 20090519124939.0 035 $a000324781 035 $aUSA01000324781 035 $a(ALEPH)000324781USA01 035 $a000324781 100 $a20090519d1954----km-y0itay50------ba 101 $afre 102 $aFR 105 $a||||||||001yy 200 1 $a<> fondements comptables de la macro-économique$eles équations comptables entre quantités globales et leurs applications$fM. Allais 210 $aParis$cPresses universitaires de France$d1954 215 $a91 p.$d26 cm 300 $aSul front.: Ouvrage publié avec le concours du Centre national de la recherche scientifique 606 0 $aMacroeconomia$2BNCF 676 $a339 700 1$aALLAIS,$bMaurice$0121556 801 0$aIT$bsalbc$gISBD 912 $a990003247810203316 951 $a339 ALL 1$b15638 EC$c339$d00203239 959 $aBK 969 $aECO 979 $aRSIAV3$b90$c20090519$lUSA01$h1238 979 $aRSIAV3$b90$c20090519$lUSA01$h1249 996 $aFondements comptables de la macro-économique$9574719 997 $aUNISA